| 000 | 00591nac a22001811u 4500 | ||
|---|---|---|---|
| 008 | 100906s2005 i |||||r|||| 001 0 eng d | ||
| 020 | _a1893115321 | ||
| 082 | 0 | 0 |
_a005.133 _bTRO _222 |
| 100 |
_aTroelsen, Andrew _918403 |
||
| 245 | 1 | 0 |
_aNet and the platform/ _cAndrew Troelsen; Foreward by Eric Gunnerson |
| 260 |
_aIndia : _bThomson Press Ltd.; _c[c2005]. |
||
| 300 |
_a970 p. : _bill. ; _c23 cm. |
||
| 500 | _aIncludes index. | ||
| 500 | _aBased on Beta 2 | ||
| 650 | 0 |
_a (Computer program language) _aC _918404 |
|
| 650 | 0 |
_aMicrosoft .NET. _918405 |
|
| 942 |
_cBB _k005.133 TRO _2ddc |
||
| 999 |
_c491 _d491 |
||